| 000 | 00506nam a22001817a 4500 | ||
|---|---|---|---|
| 005 | 20240524153851.0 | ||
| 010 | _aENG-140502 | ||
| 020 |
_a9789350571668 _c150.00 |
||
| 035 | _aEN-124034 | ||
| 037 | _bDBAD | ||
| 082 | _a483 | ||
| 245 |
_aConcise Dictionary Of Synonyms Antonyms / _hEnglish |
||
| 260 |
_aNew Delhi _bV & S Publishers |
||
| 270 |
_aF-2/16, Ansari Road, Daryaganj _bNew Delhi- 110002 |
||
| 300 |
_a206p. _c22 cm(pbk) |
||
| 700 | _965564 | ||
| 942 |
_2ddc _cEN _h483 _mCON |
||
| 999 |
_c203244 _d203244 |
||